Costumes madrilenos (Record no. 158489)

MARC details
000 -LEADER
campo de control de longitud fija 00677nam a22001575i 4500
001 - NÚMERO DE CONTROL
campo de control 158489
003 - IDENTIFICADOR DE NÚMERO DE CONTROL
campo de control ES-MaACL
005 - FECHA Y HORA DE LA ÚLTIMA TRANSACCIÓN
campo de control 20230906211152.0
008 - DATOS DE LONGITUD FIJA--INFORMACIÓN GENERAL
campo de control de longitud fija 990412s1877 po |||| | por d
040 ## - FUENTE DE CATALOGACIÓN
Centro catalogador/agencia de origen CAM
Lengua de catalogación spa
Centro/agencia transcriptor CAM
100 1# - ENTRADA PRINCIPAL--NOMBRE DE PERSONA
Nombre de persona Magalhaes Lima, S. de.
9 (RLIN) 129336
245 10 - MENCIÓN DEL TÍTULO
Título Costumes madrilenos
Resto del título : notes de un viajante /
Mención de responsabilidad, etc. por S. de Magalhaes Lima.
260 ## - PUBLICACIÓN, DISTRIBUCIÓN, ETC.
Lugar de publicación, distribución, etc. Coimbra :
Nombre del editor, distribuidor, etc. livraria Central de jose diogo Pires,
Fecha de publicación, distribución, etc. 1877.
300 ## - DESCRIPCIÓN FÍSICA
Extensión 188 p. ;
Dimensiones 19 cm.
852 ## - LOCALIZACIÓN
Ubicación ES-MaACL
Nota libre T-710-F-2
-- -- Enc. hol., conservando la cub. original
-- -- An. ms.: ded. del autor al Ateneo de Madrid
-- -- Enc. en un vol. facticio
Encuadernación -- Edic.: añadir T650 Madrid-Usos y costumbres-S. \RXIX\R
Holdings
Estatus retirado Estado de pérdida Estado de daño No para préstamo Colección Biblioteca de origen Biblioteca actual Ubicación en estantería Fecha de adquisición Total de préstamos Signatura topográfica completa Código de barras Visto por última vez Precio de reemplazo Tipo de ítem Koha
        Colección de folletos Biblioteca del Ateneo de Madrid Biblioteca del Ateneo de Madrid Depósito folletos 17/01/2008   T-710-F-2 1165885 23/02/2023 23/02/2023 Folleto